[Event "Caioba op 7th"]
[Site "Caioba"]
[Date "2023.06.19"]
[Round "3"]
[White "Jenidarchiche, Douglas Rodrigo"]
[Black "Pereira, Silvio Cunha"]
[Result "0-1"]
[WhiteElo "1801"]
[BlackElo "2123"]
[PlyCount "58"]
[EventDate "2023.06.18"]
[EventType "swiss"]
[EventRounds "9"]
[EventCountry "BRA"]
[SourceTitle "CBM 214 Extra"]
[Source "ChessBase"]
[SourceDate "2023.07.31"]
[SourceVersion "1"]
[SourceVersionDate "2023.07.31"]
[SourceQuality "1"]

1. e4 e5 2. Nf3 Nc6 3. Bc4 Bc5 4. 0-0 d6 5. c3 Bb6 6. d3 Nf6 7. Re1 0-0 8. Nbd2 Ne7 9. Nf1 Ng6 10. a4 c6 11. b4 a5 12. d4 Bg4 13. Qd3 Bxf3 14. Qxf3 exd4 15. b5 Ne5 16. Qe2 Nxc4 17. Qxc4 Nxe4 18. bxc6 d5 19. Qd3 Qf6 20. Ra2 bxc6 21. c4 Nc3 22. Ra1 Rfe8 23. Bd2 Ne4 24. cxd5 Qxf2+ 25. Kh1 Qf5 26. Qb3 Rab8 27. dxc6 d3 28. Rab1 Qf2 29. Ng3 Qg1+ 0-1

[Event "Joao Pessoa op"]
[Site "Joao Pessoa"]
[Date "2023.03.19"]
[Round "5"]
[White "Pereira, Silvio Cunha"]
[Black "Dantas, Francisco"]
[Result "1-0"]
[WhiteElo "2125"]
[BlackElo "1890"]
[PlyCount "75"]
[EventDate "2023.03.17"]
[EventType "swiss"]
[EventRounds "6"]
[EventCountry "BRA"]
[SourceTitle "EXT 2024"]
[Source "ChessBase"]
[SourceDate "2023.10.10"]
[SourceVersion "1"]
[SourceVersionDate "2023.10.10"]
[SourceQuality "1"]

1. e4 c5 2. Nf3 Nc6 3. d4 cxd4 4. Nxd4 Nf6 5. Nc3 d6 6. Be2 e5 7. Nb3 Be6 8. Bg5 Be7 9. Qd2 h6 10. Bxf6 Bxf6 11. Rd1 Be7 12. Nb5 0-0 13. Nxd6 Qb6 14. Nc4 Bxc4 15. Bxc4 Rad8 16. Bd5 a5 17. c3 a4 18. Nc1 Nb4 19. 0-0 Bg5 20. Qe2 Bxc1 21. cxb4 Bg5 22. a3 Rc8 23. g3 Rc7 24. h4 Bf6 25. Rc1 Rfc8 26. Qd2 Be7 27. Kg2 Bf6 28. Rxc7 Qxc7 29. Rd1 b6 30. Qe2 Qc2 31. Rd2 Qc1 32. Qa6 Rd8 33. Re2 Qd1 34. Re3 Qd2 35. Qxa4 Qxb2 36. Qa7 Qd4 37. Qxf7+ Kh8 38. Rf3 1-0

[Event "Joao Pessoa op"]
[Site "Joao Pessoa"]
[Date "2023.03.18"]
[Round "4"]
[White "De Saboya E Silva, Jose Frederic"]
[Black "Pereira, Silvio Cunha"]
[Result "1-0"]
[WhiteElo "1971"]
[BlackElo "2125"]
[PlyCount "81"]
[EventDate "2023.03.17"]
[EventType "swiss"]
[EventRounds "6"]
[EventCountry "BRA"]
[SourceTitle "EXT 2024"]
[Source "ChessBase"]
[SourceDate "2023.10.10"]
[SourceVersion "1"]
[SourceVersionDate "2023.10.10"]
[SourceQuality "1"]

1. Nf3 d6 2. d4 g6 3. c4 Bg7 4. Nc3 c6 5. g3 f5 6. Bg2 Nh6 7. h4 Ng4 8. h5 e5 9. hxg6 hxg6 10. Rxh8+ Bxh8 11. dxe5 Nxe5 12. Nxe5 Bxe5 13. f4 Bxc3+ 14. bxc3 Qf6 15. Be3 Nd7 16. Kf2 Qxc3 17. Rc1 Qf6 18. Bd4 Qe7 19. Qh1 Kd8 20. Qh6 Kc7 21. Qxg6 Nc5 22. Rh1 Bd7 23. Bxc5 dxc5 24. Rh7 Qd6 25. Qxf5 Qd4+ 26. Kf3 Rd8 27. Bh3 b5 28. Rxd7+ Rxd7 29. Qxd7+ Qxd7 30. Bxd7 Kxd7 31. e4 a5 32. Ke3 a4 33. Kd3 Ke6 34. g4 Kf7 35. e5 Ke6 36. Kc3 b4+ 37. Kc2 Ke7 38. f5 Kf7 39. g5 Kf8 40. g6 Kg7 41. Kb2 1-0

[Event "Florianopolis op 9th"]
[Site "Florianopolis"]
[Date "2023.01.29"]
[Round "10"]
[White "Pereira, Silvio Cunha"]
[Black "Calsing, Ado"]
[Result "1-0"]
[WhiteElo "2159"]
[BlackElo "1863"]
[PlyCount "67"]
[EventDate "2023.01.23"]
[EventType "swiss"]
[EventRounds "10"]
[EventCountry "BRA"]
[SourceTitle "CBM 212 Extra"]
[Source "ChessBase"]
[SourceDate "2023.03.31"]
[SourceVersion "1"]
[SourceVersionDate "2023.03.31"]
[SourceQuality "1"]

1. e4 c5 2. Nf3 e6 3. d4 cxd4 4. Nxd4 Nf6 5. Nc3 d6 6. Be2 a6 7. 0-0 Be7 8. Be3 0-0 9. f4 Qc7 10. Qe1 Nc6 11. Qg3 Kh8 12. Rad1 Bd7 13. Kh1 b5 14. a3 Rac8 15. Nf3 Na5 16. e5 Ng8 17. f5 d5 18. Bd3 Nc4 19. Bd4 Bc5 20. Qh4 h6 21. Bxc4 bxc4 22. f6 g6 23. Ne2 Bxd4 24. Nexd4 Rb8 25. Rb1 Rb7 26. g4 Rfb8 27. g5 h5 28. b4 a5 29. c3 a4 30. Qe1 Qb6 31. Ng1 Qc7 32. Nh3 Kh7 33. Nf4 Qd8 34. Rf3 1-0

[Event "Pan American-ch Seniors 65"]
[Site "Florianopolis"]
[Date "2022.06.26"]
[Round "9"]
[White "Moyses Sobrinho, Elias"]
[Black "Pereira, Silvio Cunha"]
[Result "1/2-1/2"]
[WhiteElo "1831"]
[BlackElo "2188"]
[PlyCount "54"]
[EventDate "2022.06.21"]
[EventType "swiss"]
[EventRounds "9"]
[EventCountry "BRA"]
[SourceTitle "CBM 209 Extra"]
[Source "ChessBase"]
[SourceDate "2022.09.30"]
[SourceVersion "1"]
[SourceVersionDate "2022.09.30"]
[SourceQuality "1"]

1. d4 Nf6 2. c4 g6 3. Nc3 Bg7 4. e4 d6 5. Nf3 0-0 6. Be2 Nbd7 7. 0-0 e5 8. dxe5 dxe5 9. h3 c6 10. Be3 Qe7 11. Nd2 Nc5 12. Bxc5 Qxc5 13. Nb3 Qe7 14. Qc2 Ne8 15. c5 f5 16. Bc4+ Kh8 17. Rad1 Nf6 18. Rd6 b5 19. Be2 b4 20. Na4 Nxe4 21. Rdd1 Nf6 22. Na5 Qc7 23. Nc4 Be6 24. Nd6 Nd5 25. Bc4 e4 26. Bxd5 Bxd5 27. b3 Bd4 1/2-1/2

[Event "Pan American-ch Seniors 65"]
[Site "Florianopolis"]
[Date "2022.06.21"]
[Round "1"]
[White "Pereira, Silvio Cunha"]
[Black "Boabaid, Jorge Alberto Duard"]
[Result "1-0"]
[WhiteElo "2188"]
[BlackElo "1733"]
[PlyCount "65"]
[EventDate "2022.06.21"]
[EventType "swiss"]
[EventRounds "9"]
[EventCountry "BRA"]
[SourceTitle "CBM 209 Extra"]
[Source "ChessBase"]
[SourceDate "2022.09.30"]
[SourceVersion "1"]
[SourceVersionDate "2022.09.30"]
[SourceQuality "1"]

1. e4 d5 2. exd5 Nf6 3. c4 Bg4 4. Qb3 b6 5. Nf3 Nbd7 6. d4 Bxf3 7. Qxf3 g6 8. Nc3 Bg7 9. Bf4 h6 10. Be2 Nh5 11. Be3 Nf8 12. 0-0 Nd7 13. Qh3 Nhf6 14. Bf3 Rb8 15. Rfe1 0-0 16. Re2 Re8 17. Bf4 b5 18. c5 b4 19. Na4 Nf8 20. Qg3 Nxd5 21. Bxd5 Qxd5 22. Bxc7 Rb5 23. Be5 f6 24. Bd6 Ne6 25. Nb6 Rxb6 26. cxb6 exd6 27. Rae1 Kf7 28. Qb3 Qxb3 29. axb3 Rb8 30. Rxe6 Rxb6 31. Re7+ Kg8 32. Rc7 Rb8 33. Rec1 1-0

[Event "Joao Pessoa Fischer Memorial 11th"]
[Site "Joao Pessoa"]
[Date "2022.05.07"]
[Round "4"]
[White "Pereira, Silvio Cunha"]
[Black "De Oliveira, Daniel Paiva"]
[Result "1/2-1/2"]
[WhiteElo "2185"]
[BlackElo "1967"]
[PlyCount "100"]
[EventDate "2022.05.06"]
[EventType "swiss"]
[EventRounds "6"]
[EventCountry "BRA"]
[SourceTitle "EXT 2023"]
[Source "ChessBase"]
[SourceDate "2022.10.05"]
[SourceVersion "1"]
[SourceVersionDate "2022.10.05"]
[SourceQuality "1"]

1. e4 c5 2. Nf3 d6 3. d4 cxd4 4. Qxd4 Nc6 5. Bb5 Bd7 6. Bxc6 Bxc6 7. c4 Nf6 8. Nc3 g6 9. 0-0 Bg7 10. Re1 0-0 11. Qd2 a6 12. Nd4 Qb6 13. Nc2 Rac8 14. b3 Rfd8 15. Rb1 e6 16. Ba3 Qa5 17. Bb4 Qh5 18. Rbd1 Ne8 19. Qe2 Qxe2 20. Rxe2 b5 21. cxb5 axb5 22. Nd4 Bxd4 23. Rxd4 f6 24. f3 Kf7 25. Kf2 f5 26. Red2 e5 27. R4d3 Ke6 28. Nd5 Bxd5 29. Rxd5 Rb8 30. g4 fxe4 31. fxe4 Rd7 32. g5 Rb6 33. Ke3 Rf7 34. Rc2 Rf4 35. Ba5 Rb7 36. Rc6 Rh4 37. Bb4 Rd7 38. Be1 Rxh2 39. Rxe5+ Kf7 40. Rxb5 Rxa2 41. Bg3 Ke7 42. e5 dxe5 43. Rxe5+ Kf7 44. Re4 Ng7 45. Rf6+ Kg8 46. Rf2 Nf5+ 47. Kf4 Nxg3 48. Rxa2 Nxe4 49. Kxe4 Rb7 50. Rb2 Kg7 1/2-1/2

[Event "Joao Pessoa Fischer Memorial 11th"]
[Site "Joao Pessoa"]
[Date "2022.05.07"]
[Round "3"]
[White "Soares, Paulo Henrique Dos"]
[Black "Pereira, Silvio Cunha"]
[Result "0-1"]
[WhiteElo "1935"]
[BlackElo "2185"]
[PlyCount "62"]
[EventDate "2022.05.06"]
[EventType "swiss"]
[EventRounds "6"]
[EventCountry "BRA"]
[SourceTitle "EXT 2023"]
[Source "ChessBase"]
[SourceDate "2022.10.05"]
[SourceVersion "1"]
[SourceVersionDate "2022.10.05"]
[SourceQuality "1"]

1. Nc3 e5 2. e4 Nc6 3. f4 Bc5 4. Nf3 d6 5. Bc4 Bg4 6. Na4 exf4 7. Nxc5 dxc5 8. d3 Ne5 9. Bxf4 Nxc4 10. dxc4 Qe7 11. 0-0 Nf6 12. h3 Be6 13. e5 Nd7 14. Qe2 h6 15. Qe4 0-0-0 16. c3 Nb8 17. Rad1 Rd7 18. Rxd7 Qxd7 19. Rf2 Qd1+ 20. Kh2 Nc6 21. Rd2 Qa1 22. a3 Na5 23. b4 Nxc4 24. Rd3 Qxa3 25. bxc5 Qxc5 26. Nd4 Qd5 27. Qxd5 Bxd5 28. Nb5 Nb6 29. e6 Bc4 30. Nxa7+ Kb8 31. Re3 Kxa7 0-1

[Event "Osasco 60 Ann"]
[Site "Osasco"]
[Date "2022.02.21"]
[Round "3"]
[White "Pereira, Silvio Cunha"]
[Black "Supi, Luis Paulo"]
[Result "0-1"]
[WhiteElo "2217"]
[BlackElo "2581"]
[PlyCount "102"]
[EventDate "2022.02.19"]
[EventType "tourn"]
[EventRounds "9"]
[EventCountry "BRA"]
[EventCategory "7"]
[SourceTitle "CBM 207 Extra"]
[Source "ChessBase"]
[SourceDate "2022.05.31"]
[SourceVersion "1"]
[SourceVersionDate "2022.05.31"]
[SourceQuality "1"]

1. e4 c5 2. Nf3 d6 3. d4 cxd4 4. Qxd4 Nf6 5. e5 Nc6 6. Bb5 Qa5+ 7. Nc3 Qxb5 8. Nxb5 Nxd4 9. Nfxd4 dxe5 10. Nc7+ Kd7 11. Nxa8 exd4 12. Bf4 e5 13. Bxe5 Bd6 14. Bxd4 Re8+ 15. Kf1 Kc6 16. f3 Be6 17. Kf2 Rxa8 18. Rhe1 b5 19. a3 Nd5 20. Rad1 g5 21. g3 h5 22. Be5 Be7 23. Bd4 a5 24. Rd2 Rg8 25. Rde2 Kd7 26. Rd1 a4 27. Re4 Kc6 28. Rde1 Rg6 29. Rc1 Nb6 30. b3 Bxa3 31. Ra1 Bd6 32. Bxb6 Kxb6 33. bxa4 Bc5+ 34. Kg2 b4 35. Rd1 Rg8 36. Re5 Ra8 37. Ra1 Bd4 38. Rb5+ Kc6 39. Rb1 Bc5 40. R5xb4 Bxb4 41. Rxb4 Rd8 42. h4 Rd2+ 43. Kf1 g4 44. fxg4 Bxg4 45. a5 Rxc2 46. Rb6+ Kc7 47. Rf6 Be6 48. Rh6 Rc5 49. a6 Kb6 50. Kf2 Kxa6 51. Ke3 Kb7 0-1

[Event "Cearense-ch"]
[Site "Fortaleza"]
[Date "2019.11.30"]
[Round "8"]
[White "Pereira, Silvio Cunha"]
[Black "Barreto, Paulo Robson Rodrig"]
[Result "1-0"]
[WhiteElo "2201"]
[BlackElo "1692"]
[PlyCount "95"]
[EventDate "2019.11.17"]
[EventType "tourn"]
[EventRounds "9"]
[EventCountry "BRA"]
[SourceTitle "CBM 193 Extra"]
[Source "ChessBase"]
[SourceDate "2020.01.31"]
[SourceVersion "1"]
[SourceVersionDate "2020.01.31"]
[SourceQuality "1"]

1. e4 e5 2. Nf3 Nf6 3. Nxe5 d6 4. Nf3 Nxe4 5. d3 Nf6 6. d4 d5 7. Bd3 Bb4+ 8. c3 Bd6 9. 0-0 0-0 10. h3 h6 11. Re1 Re8 12. Nbd2 c5 13. dxc5 Bxc5 14. Nb3 Bb6 15. Bf4 Nc6 16. Qc2 Be6 17. Nbd4 Bxd4 18. Nxd4 Nxd4 19. cxd4 Nh5 20. Be5 Qg5 21. Qc1 Rac8 22. Qxg5 hxg5 23. g4 Nf4 24. Bxf4 gxf4 25. Kg2 f6 26. Kf3 g5 27. h4 Bd7 28. Bg6 Re6 29. Rxe6 Bxe6 30. Re1 Rc6 31. Bd3 Kg7 32. a3 a6 33. hxg5 fxg5 34. Rh1 Bf7 35. Re1 Be6 36. Bf5 Bxf5 37. gxf5 Kf6 38. Kg4 Rc2 39. Re6+ Kf7 40. Rb6 Rxf2 41. Rxb7+ Kf8 42. f6 f3 43. Rb3 Rd2 44. Rxf3 Rxd4+ 45. Kf5 Rd2 46. Rb3 Rf2+ 47. Kg6 Ke8 48. Rb8+ 1-0